[Event "Championnat de France des Jeunes - Cadet"]
[Site "MONTLUCON"]
[Date "2011.04.18"]
[Round "3.9"]
[White "Mouhamad, Joachin"]
[Black "Dubois, Vincent"]
[Result "1-0"]
[WhiteElo "2113"]
[BlackElo "1862"]
[PlyCount "71"]

1. e4 d5 2. exd5 Qxd5 3. Nc3 Qa5 4. d4 Nf6 5. Bc4 Bg4 6. f3 Bf5 7. Bd2 c6 8.
Nd5 Qd8 9. Nxf6+ exf6 10. Bf4 Qe7+ 11. Kf2 g5 12. Bg3 Nd7 13. Qd2 Nb6 14. Bb3
Qd7 15. Re1+ Be6 16. Ne2 Bd6 17. Rc1 c5 18. Bxd6 Qxd6 19. c4 h5 20. Qe3 cxd4
21. Nxd4 Rd8 22. Nxe6 Qxe6 23. Rhe1 Qxe3+ 24. Rxe3+ Kd7 25. c5 Nc8 26. Bxf7 Kc6
27. Rc2 Rh6 28. b4 b6 29. a4 Kb7 30. cxb6 axb6 31. Rec3 Nd6 32. Rc7+ Kb8 33.
Bd5 Rc8 34. Rxc8+ Nxc8 35. Rc6 h4 36. Be6 1-0

[Event "Championnat de France des Jeunes - Cadet"]
[Site "MONTLUCON"]
[Date "2011.04.18"]
[Round "3.10"]
[White "Pilte, Nicolas"]
[Black "Joudelat, David"]
[Result "1/2-1/2"]
[WhiteElo "2100"]
[BlackElo "1868"]
[PlyCount "89"]

1. e4 d6 2. d4 g6 3. Nc3 Bg7 4. Be3 Nf6 5. f3 O-O 6. Qd2 a6 7. O-O-O Nbd7 8.
Bh6 c5 9. Bxg7 Kxg7 10. e5 Ne8 11. exd6 exd6 12. h4 Nef6 13. g4 b5 14. dxc5
dxc5 15. h5 Qc7 16. hxg6 fxg6 17. Qh6+ Kg8 18. Nd5 Qe5 19. f4 Qe8 20. Nf3 Bb7
21. Bg2 Bxd5 22. Rxd5 Rf7 23. Ne5 Nxe5 24. Rxe5 Qd8 25. Bf3 Kh8 26. g5 Nd7 27.
Re6 Nf8 28. Re3 Raa7 29. f5 Rxf5 30. Bg4 Rff7 31. Rhe1 Rae7 32. Qh3 Rxe3 33.
Qxe3 Qd4 34. Qxd4+ cxd4 35. Re4 Kg7 36. Rxd4 h5 37. gxh6+ Kxh6 38. b3 Kg5 39.
c4 Rf4 40. Rxf4 Kxf4 41. Bc8 bxc4 42. bxc4 a5 43. Kd2 Ke5 44. Kc3 g5 45. Kb3
1/2-1/2

[Event "Championnat de France des Jeunes - Cadet"]
[Site "MONTLUCON"]
[Date "2011.04.19"]
[Round "4.1"]
[White "Song, Julien"]
[Black "Samoun, Florent"]
[Result "1/2-1/2"]
[WhiteElo "2368"]
[BlackElo "2192"]
[PlyCount "169"]

1. d4 d5 2. Nf3 Nf6 3. c4 e6 4. Bg5 Be7 5. Nc3 O-O 6. e3 Nbd7 7. Rc1 c6 8. Bd3
dxc4 9. Bxc4 b5 10. Bd3 a6 11. a4 Bb7 12. O-O Rc8 13. Qb3 b4 14. Bxf6 Nxf6 15.
Ne4 Nxe4 16. Bxe4 Qb6 17. Ne5 Rc7 18. Nd3 Bc8 19. Rc2 a5 20. Rfc1 Bd7 21. Ne5
Rfc8 22. Nxd7 Rxd7 23. Rxc6 Rxc6 24. Rxc6 Rc7 25. Bxh7+ Kf8 26. Rxc7 Qxc7 27.
Bc2 Bd6 28. g3 Ke7 29. Qd3 g6 30. Kg2 Qc6+ 31. e4 Bc7 32. d5 Qc5 33. dxe6 fxe6
34. h4 Bb6 35. Qd2 Qe5 36. Qg5+ Qxg5 37. hxg5 Bd4 38. b3 Bc3 39. f4 Bd4 40. Kf3
e5 41. Bd3 Kf7 42. Bc4+ Kg7 43. Be6 Bc3 44. Ke2 Bb2 45. Bd7 Bc1 46. Kf3 Kf7 47.
Kg4 Bb2 48. Bc6 Bc3 49. Bd5+ Kg7 50. Kf3 Bd2 51. Ke2 Bc1 52. Kf3 Bd2 53. Kg4
Bc3 54. f5 Be1 55. Bc6 Kf7 56. Bd5+ Kg7 57. f6+ Kf8 58. Kf3 Bd2 59. Ke2 Bxg5
60. f7 Be7 61. Kd3 Bf6 62. Kc4 Be7 63. Kb5 Bd8 64. Kc6 Bg5 65. Kd6 Bf6 66. Ke6
Bg7 67. g4 g5 68. Kf5 Bf6 69. Ke6 Bg7 70. Bc6 Bf6 71. Bd7 Bg7 72. Be8 Bh8 73.
Bc6 Bf6 74. Bd5 Bh8 75. Kf5 Bf6 76. Bc4 Bd8 77. Kxe5 Bc7+ 78. Kf5 Bd8 79. Ke6
Be7 80. e5 Bd8 81. Kd7 Be7 82. Bd5 Bf6 83. Kc7 Be7 84. Kd7 Bf6 85. exf6 1/2-1/2

[Event "Championnat de France des Jeunes - Cadet"]
[Site "MONTLUCON"]
[Date "2011.04.19"]
[Round "4.2"]
[White "Ollier, Milan"]
[Black "Sochacki, Christophe"]
[Result "0-1"]
[WhiteElo "2138"]
[BlackElo "2366"]
[PlyCount "38"]

1. e4 e6 2. d4 d5 3. Nc3 Nf6 4. Bg5 Be7 5. e5 Nfd7 6. h4 O-O 7. Qg4 Kh8 8.
O-O-O c5 9. Nf3 cxd4 10. Nb5 Nc6 11. Re1 f6 12. exf6 Nxf6 13. Bxf6 Bxf6 14. Ng5
e5 15. Qh5 Bf5 16. Nf7+ Rxf7 17. Qxf7 Qa5 18. Rd1 Nb4 19. Na3 Rc8 0-1

[Event "Championnat de France des Jeunes - Cadet"]
[Site "MONTLUCON"]
[Date "2011.04.19"]
[Round "4.3"]
[White "Di Nicolantonio, Lucas"]
[Black "Youssoupov, Moisse"]
[Result "1/2-1/2"]
[WhiteElo "2273"]
[BlackElo "2146"]
[PlyCount "48"]

1. e4 d5 2. exd5 Qxd5 3. Nc3 Qa5 4. d4 Nf6 5. Nf3 Bf5 6. Ne5 c6 7. Bd3 Bxd3 8.
Qxd3 Nbd7 9. f4 e6 10. Bd2 Bb4 11. a3 Rd8 12. O-O-O Be7 13. g4 Qc7 14. Rhg1 Nd5
15. Rdf1 Nxc3 16. Bxc3 Bf6 17. Qe2 O-O 18. g5 Bxe5 19. fxe5 c5 20. dxc5 Nxc5
21. Rg3 Qc6 22. Bb4 Qd5 23. Kb1 b6 24. Rh3 a5 1/2-1/2

[Event "Championnat de France des Jeunes - Cadet"]
[Site "MONTLUCON"]
[Date "2011.04.19"]
[Round "4.4"]
[White "Pluyaud, Benoit"]
[Black "Lagarde, Maxime"]
[Result "0-1"]
[WhiteElo "2007"]
[BlackElo "2441"]
[PlyCount "48"]

1. d4 Nf6 2. c4 g6 3. Nc3 Bg7 4. e4 O-O 5. Be2 d6 6. Nf3 Na6 7. O-O e5 8. Be3
c6 9. Rb1 exd4 10. Nxd4 Re8 11. f3 d5 12. cxd5 Nxd5 13. Bf2 Nf4 14. Bxa6 Qg5
15. g3 Nh3+ 16. Kg2 Rd8 17. f4 Nxf4+ 18. Kh1 Nh3 19. Qb3 bxa6 20. Rbe1 Nxf2+
21. Rxf2 Bxd4 22. Rxf7 Kh8 23. Rd1 Qe5 24. Rf4 Be6 0-1

[Event "Championnat de France des Jeunes - Cadet"]
[Site "MONTLUCON"]
[Date "2011.04.19"]
[Round "4.5"]
[White "Dionisi, Thomas"]
[Black "Mouhamad, Joachin"]
[Result "1-0"]
[WhiteElo "2183"]
[BlackElo "2113"]
[PlyCount "51"]

1. e4 e5 2. Nf3 d6 3. d4 Nd7 4. Bc4 c6 5. O-O Be7 6. dxe5 dxe5 7. Ng5 Bxg5 8.
Qh5 Qe7 9. Qxg5 Qxg5 10. Bxg5 Ngf6 11. f3 Nf8 12. Nd2 Ne6 13. Be3 O-O 14. Rfd1
b6 15. a4 Ne8 16. a5 Rb8 17. axb6 axb6 18. c3 Nd6 19. Bf1 b5 20. b4 Ne8 21. Nb3
f6 22. Na5 Bb7 23. Ba7 N8c7 24. Bxb8 Rxb8 25. Rd6 c5 26. Rb6 1-0

[Event "Championnat de France des Jeunes - Cadet"]
[Site "MONTLUCON"]
[Date "2011.04.19"]
[Round "4.6"]
[White "Duboue, Peio"]
[Black "Pilte, Nicolas"]
[Result "1/2-1/2"]
[WhiteElo "2094"]
[BlackElo "2100"]
[PlyCount "108"]

1. e4 e5 2. Nf3 Nc6 3. Bc4 Nf6 4. d3 Be7 5. O-O O-O 6. c3 d5 7. exd5 Nxd5 8.
Re1 Bg4 9. Nbd2 Nf4 10. Nf1 Na5 11. Bxf4 exf4 12. Bb5 a6 13. Ba4 c5 14. Qe2 Bd6
15. Qe4 Qf6 16. Ne5 Bf5 17. Nd7 Bxd7 18. Bxd7 b5 19. Nd2 Ra7 20. Bg4 Bb8 21.
Qd5 Rd8 22. Qxc5 Nb7 23. Qf5 Qb6 24. d4 g6 25. Qc2 Nd6 26. Nb3 Rc7 27. Nc5 Nb7
28. Nxb7 Qxb7 29. Bf3 Qb6 30. Qb3 g5 31. Re5 Qg6 32. h3 Rcd7 33. Re2 h5 34. Be4
Qf6 35. f3 g4 36. Qc2 g3 37. Rae1 Ba7 38. Kh1 b4 39. Bf5 Rc7 40. Qd3 bxc3 41.
bxc3 Qc6 42. Bh7+ Kg7 43. Qf5 Rd5 44. Qxf4 Kxh7 45. Re7 Rxe7 46. Rxe7 Qg6 47.
Rxf7+ Kg8 48. Rb7 Rd7 49. Rb2 Re7 50. Qd2 Qd3 51. Qg5+ Rg7 52. Qd5+ Rf7 53.
Qg5+ Rg7 54. Qd5+ Rf7 1/2-1/2

[Event "Championnat de France des Jeunes - Cadet"]
[Site "MONTLUCON"]
[Date "2011.04.19"]
[Round "4.7"]
[White "Muheim, Sebastien"]
[Black "Ianniciello, David"]
[Result "1/2-1/2"]
[WhiteElo "2101"]
[BlackElo "1879"]
[PlyCount "40"]

1. d4 Nf6 2. c4 g6 3. f3 c5 4. d5 d6 5. e4 Bg7 6. Nc3 O-O 7. Bg5 h6 8. Be3 Nbd7
9. Qd2 Kh7 10. g4 Ne8 11. O-O-O a6 12. f4 b5 13. cxb5 axb5 14. Bxb5 Qa5 15.
Nge2 Rb8 16. a4 Nef6 17. h3 Nxe4 18. Nxe4 Rxb5 19. Qxa5 Rxa5 20. b3 c4 1/2-1/2

[Event "Championnat de France des Jeunes - Cadet"]
[Site "MONTLUCON"]
[Date "2011.04.19"]
[Round "4.8"]
[White "Muller, Anthony"]
[Black "Chauvet, Vincent"]
[Result "1-0"]
[WhiteElo "1882"]
[BlackElo "2090"]
[PlyCount "85"]

1. d4 d5 2. Nf3 Nf6 3. Bf4 c5 4. c3 Nc6 5. e3 e6 6. Nbd2 Be7 7. h3 O-O 8. Bd3
Nd7 9. O-O f5 10. Rc1 c4 11. Bb1 b5 12. Ne5 Ncxe5 13. Bxe5 Nxe5 14. dxe5 Qc7
15. f4 Bc5 16. Qe2 Qb6 17. Rfe1 b4 18. g4 bxc3 19. bxc3 Bd7 20. gxf5 exf5 21.
Nf3 Qh6 22. Kh2 Rab8 23. Rcd1 Be6 24. Nd4 Bxd4 25. Rxd4 Rb6 26. Bc2 Rfb8 27.
Rdd1 Qh4 28. Rb1 Qe7 29. Rxb6 axb6 30. Qd2 g6 31. Bd1 Ra8 32. Bf3 Ra5 33. Rb1
Qa7 34. Rb2 Kf7 35. Kg3 Qa6 36. Rb4 Rxa2 37. Qd4 Ra5 38. Rxb6 Qa8 39. Rd6 h5
40. Qb6 h4+ 41. Kxh4 g5+ 42. fxg5 Qh8+ 43. Bh5+ 1-0

[Event "Championnat de France des Jeunes - Cadet"]
[Site "MONTLUCON"]
[Date "2011.04.19"]
[Round "4.9"]
[White "Ternault, Mathieu"]
[Black "Lebon, Yohan"]
[Result "1-0"]
[WhiteElo "2085"]
[BlackElo "1867"]
[PlyCount "69"]

1. d4 d5 2. c4 e6 3. Nc3 c5 4. cxd5 exd5 5. Nf3 Nf6 6. g3 Nc6 7. Bg2 Be7 8. O-O
O-O 9. Bf4 Re8 10. dxc5 Bxc5 11. Rc1 Bb6 12. Nb5 Ne4 13. Nbd4 Qf6 14. Be3 Bg4
15. Nxc6 Bxe3 16. fxe3 bxc6 17. Nd4 Qh6 18. Rf4 Rac8 19. Nxc6 Rxc6 20. Rxc6
Qxc6 21. Bxe4 Rxe4 22. Rxe4 Bxe2 23. Qd2 h5 24. Re5 Bf3 25. Rf5 Be4 26. Rxh5 g6
27. Rh4 g5 28. Rh5 Qg6 29. g4 f5 30. Qd4 f4 31. Rh8+ Kf7 32. Qxa7+ Ke6 33. Rh6
fxe3 34. Rxg6+ Bxg6 35. Qxe3+ 1-0

[Event "Championnat de France des Jeunes - Cadet"]
[Site "MONTLUCON"]
[Date "2011.04.19"]
[Round "4.10"]
[White "Brunier, Jules"]
[Black "Lehaut, Mathieu"]
[Result "1/2-1/2"]
[WhiteElo "2034"]
[BlackElo "1843"]
[PlyCount "97"]

1. e4 e5 2. Nf3 Nc6 3. Bc4 Be7 4. d3 Nf6 5. c3 O-O 6. Bb3 d5 7. Qe2 Re8 8. O-O
Bg4 9. Rd1 Bc5 10. Bg5 dxe4 11. dxe4 Qe7 12. Nbd2 h6 13. Be3 Bxe3 14. Qxe3 a6
15. Nf1 Na5 16. Ng3 Nxb3 17. axb3 Red8 18. h3 Bd7 19. Nh4 Ng4 20. Ngf5 Bxf5 21.
Nxf5 Nxe3 22. Nxe7+ Kf8 23. Ng6+ fxg6 24. fxe3 Rxd1+ 25. Rxd1 Ke7 26. Rd5 Ke6
27. Kf2 c6 28. Ra5 Kf6 29. Ke2 Re8 30. b4 Kg5 31. g3 Kh5 32. Ra1 g5 33. Rf1 Re7
34. Rf5 Kg6 35. Rf8 Rf7 36. Re8 Kf6 37. c4 Re7 38. Rf8+ Rf7 39. Rd8 Ke7 40. Rb8
Ke6 41. c5 Re7 42. Rd8 Rd7 43. Re8+ Re7 44. Rb8 Rd7 45. Rh8 Rf7 46. Rb8 Rd7 47.
Rh8 Rf7 48. Rc8 Rd7 49. Rb8 1/2-1/2

[Event "Championnat de France des Jeunes - Cadet"]
[Site "MONTLUCON"]
[Date "2011.04.20"]
[Round "5.1"]
[White "Sochacki, Christophe"]
[Black "Song, Julien"]
[Result "1/2-1/2"]
[WhiteElo "2366"]
[BlackElo "2368"]
[PlyCount "71"]

1. e4 c6 2. d4 d5 3. Nc3 dxe4 4. Nxe4 Bf5 5. Ng3 Bg6 6. h4 h6 7. Nf3 Nd7 8. h5
Bh7 9. Bd3 Bxd3 10. Qxd3 e6 11. Bf4 Qa5+ 12. Bd2 Bb4 13. Ne4 Ngf6 14. Nd6+ Ke7
15. Nxb7 Bxd2+ 16. Nxd2 Qb4 17. Qa3 Qxa3 18. bxa3 Rab8 19. Rb1 Rhc8 20. Rb3 Rc7
21. Nc5 Rb5 22. Rxb5 cxb5 23. Ndb3 Nxc5 24. Nxc5 e5 25. Kd2 exd4 26. Re1+ Kd6
27. Ne4+ Nxe4+ 28. Rxe4 Kd5 29. Rg4 f6 30. Rg3 a5 31. Rd3 Ke4 32. Rg3 Kd5 33.
Rb3 Kc4 34. Rg3 Kd5 35. Rb3 Kc4 36. Rg3 1/2-1/2

[Event "Championnat de France des Jeunes - Cadet"]
[Site "MONTLUCON"]
[Date "2011.04.20"]
[Round "5.2"]
[White "Lagarde, Maxime"]
[Black "Dionisi, Thomas"]
[Result "1-0"]
[WhiteElo "2441"]
[BlackElo "2183"]
[PlyCount "85"]

1. d4 f5 2. g3 Nf6 3. Bg2 e6 4. Nh3 g6 5. O-O Bg7 6. b3 O-O 7. Bb2 Qe7 8. Nd2
d6 9. Nc4 Nbd7 10. a4 Re8 11. Nf4 e5 12. dxe5 Nxe5 13. Ne3 c6 14. Ba3 Nf7 15.
Rc1 Ne4 16. Bxe4 fxe4 17. c4 Be5 18. Nfg2 Bh3 19. f4 exf3 20. exf3 Qd7 21. Qd2
Re7 22. f4 Bg7 23. Bb2 Bxb2 24. Qxb2 Bxg2 25. Nxg2 Rae8 26. f5 g5 27. h4 Re2
28. Rc2 Qe7 29. f6 Rxc2 30. Qxc2 Qe4 31. Qf2 Qg6 32. Qxa7 Qd3 33. Qxb7 Qxg3 34.
Qxc6 Rf8 35. Qf3 gxh4 36. Qxg3+ hxg3 37. a5 Ne5 38. Ne3 Nc6 39. a6 Ra8 40. Nd5
Rxa6 41. f7+ Kf8 42. Nc7 g2 43. Ne6+ 1-0

[Event "Championnat de France des Jeunes - Cadet"]
[Site "MONTLUCON"]
[Date "2011.04.20"]
[Round "5.3"]
[White "Samoun, Florent"]
[Black "Di Nicolantonio, Lucas"]
[Result "0-1"]
[WhiteElo "2192"]
[BlackElo "2273"]
[PlyCount "72"]

1. Nf3 d5 2. d4 Nf6 3. c4 e6 4. Nc3 c6 5. Bg5 h6 6. Bh4 dxc4 7. e4 g5 8. Bg3 b5
9. Be2 Bb7 10. O-O Nbd7 11. Qc2 Nh5 12. Rad1 Nxg3 13. hxg3 Bg7 14. b3 b4 15.
Na4 c3 16. Bc4 O-O 17. Ne1 Qe7 18. f4 c5 19. e5 cxd4 20. Rxd4 Nc5 21. Qf2 Nxa4
22. bxa4 a5 23. Nc2 Rfd8 24. Rfd1 Be4 25. Bb3 Bf8 26. Kf1 Rxd4 27. Qxd4 Qb7 28.
fxg5 hxg5 29. Qf2 Rc8 30. Qe3 Bxg2+ 31. Kf2 Be4 32. Qxg5+ Bg6 33. Re1 Bc5+ 34.
Ne3 Qe4 35. Re2 c2 36. Bxc2 Bxe3+ 0-1

[Event "Championnat de France des Jeunes - Cadet"]
[Site "MONTLUCON"]
[Date "2011.04.20"]
[Round "5.4"]
[White "Youssoupov, Moisse"]
[Black "Ollier, Milan"]
[Result "1/2-1/2"]
[WhiteElo "2146"]
[BlackElo "2138"]
[PlyCount "23"]

1. d4 Nf6 2. Bf4 g6 3. e3 Bg7 4. Nf3 d5 5. c4 O-O 6. Nc3 c5 7. dxc5 Qa5 8. Rc1
dxc4 9. Qa4 Qxc5 10. Qxc4 Qxc4 11. Bxc4 Nc6 12. O-O 1/2-1/2

[Event "Championnat de France des Jeunes - Cadet"]
[Site "MONTLUCON"]
[Date "2011.04.20"]
[Round "5.5"]
[White "Stepenko, Roman"]
[Black "Duboue, Peio"]
[Result "0-1"]
[WhiteElo "1929"]
[BlackElo "2094"]
[PlyCount "156"]

1. e4 e5 2. Nf3 Nc6 3. Bc4 Bc5 4. b4 Bxb4 5. c3 Ba5 6. d4 exd4 7. O-O d6 8. Qb3
Qe7 9. Re1 Nf6 10. e5 O-O 11. exf6 Qxf6 12. Bd2 Bb6 13. Bd3 Ne5 14. Nxe5 dxe5
15. Qc2 h6 16. Na3 Be6 17. Nc4 Bxc4 18. Bxc4 d3 19. Bxd3 Bxf2+ 20. Kh1 Bxe1 21.
Rxe1 Rad8 22. Be3 Rfe8 23. Rf1 Qe6 24. Qe2 Qd6 25. Bc4 Re7 26. Qf2 Qg6 27. Bb3
b6 28. Bc2 e4 29. Qh4 Red7 30. Bxe4 Qe6 31. Bd4 c5 32. Bf5 Qc4 33. Re1 cxd4 34.
Qe4 Qc8 35. cxd4 g6 36. Bxd7 Qxd7 37. Rd1 Qa4 38. Qd3 Qxa2 39. d5 Rd7 40. Qd4
Kh7 41. h3 Qa3 42. Re1 Qc5 43. Qxc5 bxc5 44. Rd1 c4 45. Rc1 Kg7 46. Rxc4 Rxd5
47. Ra4 a5 48. Kh2 Kf6 49. Kg3 Ke5 50. Kf3 Kd6 51. g4 Kc6 52. Rc4+ Kb5 53. Rc7
f5 54. Rb7+ Kc4 55. Rb6 fxg4+ 56. hxg4 Rd3+ 57. Ke4 Rd4+ 58. Kf3 h5 59. g5 Rg4
60. Rxg6 a4 61. Rg8 a3 62. g6 a2 63. Ra8 Kb3 64. Ra6 Rxg6 65. Rxg6 a1=Q 66. Rg3
Qe5 67. Kg2+ Kc4 68. Kf2 Qf4+ 69. Kg2 Kd5 70. Kh1 h4 71. Rg8 Ke4 72. Rg6 Kf3
73. Rg1 Qd2 74. Rg8 Qe1+ 75. Rg1 Qe4 76. Kh2 Kf2 77. Rg8 Qe5+ 78. Kh3 Qg3+ 0-1

[Event "Championnat de France des Jeunes - Cadet"]
[Site "MONTLUCON"]
[Date "2011.04.20"]
[Round "5.6"]
[White "Viers, Emmanuel"]
[Black "Ternault, Mathieu"]
[Result "0-1"]
[WhiteElo "1919"]
[BlackElo "2085"]
[PlyCount "117"]

1. e4 e6 2. d4 d5 3. Nd2 Nf6 4. e5 Nfd7 5. Bd3 c5 6. c3 Nc6 7. Ne2 cxd4 8. cxd4
f6 9. Nf4 Nxd4 10. Qh5+ Ke7 11. Ng6+ hxg6 12. exf6+ Nxf6 13. Qxh8 Kf7 14. O-O
e5 15. Nb3 Nf5 16. Bg5 e4 17. Be2 Qb6 18. Rad1 Be6 19. g4 Nh6 20. Be3 Qd6 21.
g5 Nfg4 22. Bxg4 Nxg4 23. Nd4 Be7 24. Qh4 Kg8 25. Nxe6 Qxe6 26. Bd4 Qf5 27. h3
Nh6 28. Be3 Rd8 29. Qg3 Nf7 30. f3 Bd6 31. Qg2 Ne5 32. fxe4 Qxe4 33. Bd4 Nd3
34. Qxe4 dxe4 35. Be3 Nxb2 36. Rd4 Nd3 37. Rxe4 Nc5 38. Rc4 b6 39. Kg2 Re8 40.
Bf4 Re2+ 41. Rf2 Rxf2+ 42. Kxf2 Bxf4 43. Rxf4 Nd3+ 44. Ke3 Nxf4 45. Kxf4 Kf7
46. Ke5 Ke7 47. Kd5 Kd7 48. Ke5 a5 49. a4 Kc6 50. Ke6 b5 51. axb5+ Kxb5 52. Kf7
a4 53. Kxg7 a3 54. Kxg6 a2 55. h4 a1=Q 56. h5 Qh8 57. h6 Kc6 58. h7 Qf8 59. Kh5
0-1

[Event "Championnat de France des Jeunes - Cadet"]
[Site "MONTLUCON"]
[Date "2011.04.20"]
[Round "5.7"]
[White "Meley, Hector"]
[Black "Muller, Anthony"]
[Result "1/2-1/2"]
[WhiteElo "2008"]
[BlackElo "1882"]
[PlyCount "91"]

1. d4 d5 2. c4 e6 3. Nc3 c6 4. cxd5 exd5 5. Nf3 Nf6 6. Bg5 Be7 7. Qc2 Bg4 8. e3
Nbd7 9. Bd3 h6 10. Bf4 O-O 11. h3 Bxf3 12. gxf3 c5 13. Rg1 Kh8 14. Qd2 Re8 15.
O-O-O Nh5 16. Nxd5 Nxf4 17. Nxf4 cxd4 18. Bb5 Bf6 19. Nh5 Re5 20. Nxf6 Nxf6 21.
Ba4 Qc7+ 22. Kb1 dxe3 23. fxe3 Rd5 24. Rc1 Qe5 25. Qc3 Qxc3 26. Rxc3 Rad8 27.
Rc7 b5 28. Bb3 R5d7 29. Rgc1 Kg8 30. R1c5 Rxc7 31. Rxc7 Rd7 32. Rxd7 Nxd7 33.
Kc2 Ne5 34. f4 Nc6 35. Kd3 Kf8 36. Ke4 Ke7 37. Kd5 Nb4+ 38. Kc5 Nd3+ 39. Kxb5
Nxb2 40. Bc2 Kd6 41. e4 a5 42. Kxa5 Kc5 43. a4 Nc4+ 44. Ka6 Kb4 45. e5 g5 46.
fxg5 1/2-1/2

[Event "Championnat de France des Jeunes - Cadet"]
[Site "MONTLUCON"]
[Date "2011.04.20"]
[Round "5.8"]
[White "Durand, Victor"]
[Black "Verwee, Johann"]
[Result "1/2-1/2"]
[WhiteElo "2002"]
[BlackElo "1672"]
[PlyCount "70"]

1. e4 c5 2. Nf3 d6 3. d4 cxd4 4. Nxd4 Nf6 5. Nc3 a6 6. Be3 e6 7. f3 b5 8. Qd2
Nbd7 9. g4 h6 10. O-O-O Bb7 11. Bd3 b4 12. Nce2 d5 13. exd5 Bxd5 14. Nf4 Bxa2
15. Nc6 Qc7 16. Nxb4 Qa5 17. Nxa2 Qxa2 18. c3 Qa1+ 19. Kc2 Qa4+ 20. Kc1 Qa1+
21. Kc2 Qa4+ 22. Kb1 Ba3 23. Qc2 Qxc2+ 24. Kxc2 Bc5 25. Rhe1 Bxe3 26. Rxe3 Ke7
27. Ra1 a5 28. Ne2 Nd5 29. Re4 Nc5 30. Re5 f6 31. Rxd5 exd5 32. Nf4 Kd6 33. Bg6
Ne6 34. Nh5 Ra7 35. Rd1 Rc8 1/2-1/2

[Event "Championnat de France des Jeunes - Cadet"]
[Site "MONTLUCON"]
[Date "2011.04.20"]
[Round "5.9"]
[White "Mouhamad, Joachin"]
[Black "Brest, Jean-Francois"]
[Result "1-0"]
[WhiteElo "2113"]
[BlackElo "1924"]
[PlyCount "100"]

1. e4 c5 2. d4 cxd4 3. c3 dxc3 4. Nxc3 Nc6 5. Nf3 d6 6. Bc4 Nf6 7. e5 dxe5 8.
Qxd8+ Nxd8 9. Nb5 Rb8 10. Nxe5 e6 11. Nc7+ Ke7 12. b3 Nd7 13. Ba3+ Kf6 14. Ne8+
Kf5 15. Nxd7 Bxd7 16. Nd6+ Bxd6 17. Bxd6 Rc8 18. h4 Bc6 19. g4+ Kg6 20. h5+ Kf6
21. Rg1 e5 22. f4 exf4 23. Bxf4 Re8+ 24. Kf2 Ne6 25. g5+ Ke7 26. Be5 Kf8 27. a4
Rcd8 28. g6 hxg6 29. hxg6 Bd5 30. gxf7 Kxf7 31. Be2 Rh8 32. b4 Rh4 33. Rab1 g6
34. Bd3 Nf4 35. Bxf4 Rxf4+ 36. Ke2 Re8+ 37. Kd2 Re6 38. Rbf1 Rxf1 39. Rxf1+ Kg7
40. Rc1 Kf6 41. Rc5 Rd6 42. Ke3 Bc6 43. b5 Bd5 44. a5 b6 45. Rc7 bxa5 46. Rxa7
g5 47. Rxa5 Ke5 48. Ra4 Re6 49. Rb4 Kd6+ 50. Kd4 Bb7 1-0

[Event "Championnat de France des Jeunes - Cadet"]
[Site "MONTLUCON"]
[Date "2011.04.20"]
[Round "5.10"]
[White "Sanvoisin, Corentin"]
[Black "Muheim, Sebastien"]
[Result "1-0"]
[WhiteElo "1947"]
[BlackElo "2101"]
[PlyCount "71"]

1. e4 c5 2. Nf3 d6 3. d4 cxd4 4. Nxd4 Nf6 5. Nc3 a6 6. Bg5 Nbd7 7. f4 g6 8. Qe2
Bg7 9. O-O-O Qc7 10. g3 O-O 11. Bg2 h6 12. Bxf6 Nxf6 13. e5 dxe5 14. fxe5 Bg4
15. Bf3 Bxf3 16. Nxf3 Ng4 17. Nd5 Qa5 18. h3 Rfd8 19. Nxe7+ Kf8 20. Nxg6+ fxg6
21. hxg4 Qxa2 22. c3 Rac8 23. Nd4 Rxd4 24. Qf2+ Ke7 25. Qxd4 Qe6 26. Qd6+ Qxd6
27. exd6+ Kd7 28. Rhf1 Rf8 29. Rfe1 Rf7 30. Rd4 Bf8 31. Rb4 b5 32. c4 Kc6 33.
cxb5+ axb5 34. Rbe4 Bxd6 35. Re6 Rd7 36. Rxg6 1-0

[Event "Championnat de France des Jeunes - Cadet"]
[Site "MONTLUCON"]
[Date "2011.04.21"]
[Round "6.1"]
[White "Di Nicolantonio, Lucas"]
[Black "Sochacki, Christophe"]
[Result "1-0"]
[WhiteElo "2273"]
[BlackElo "2366"]
[PlyCount "41"]

1. e4 g6 2. d4 Bg7 3. Nc3 d6 4. Be3 a6 5. h4 h5 6. f3 Nd7 7. Qd2 b5 8. Nh3 Bb7
9. O-O-O Rc8 10. Kb1 c5 11. Ng5 b4 12. Ne2 Qb6 13. dxc5 Nxc5 14. Nf4 Qa5 15.
Bd4 Nf6 16. Bc4 Rf8 17. e5 dxe5 18. Bxe5 Nce4 19. Nxe4 Bxe4 20. Bxf6 Bxc2+ 21.
Qxc2 1-0

[Event "Championnat de France des Jeunes - Cadet"]
[Site "MONTLUCON"]
[Date "2011.04.21"]
[Round "6.2"]
[White "Ternault, Mathieu"]
[Black "Lagarde, Maxime"]
[Result "0-1"]
[WhiteElo "2085"]
[BlackElo "2441"]
[PlyCount "76"]

1. d4 Nf6 2. c4 g6 3. Nc3 Bg7 4. e4 d6 5. Nf3 O-O 6. Be2 Bg4 7. Ng1 Bxe2 8.
Ngxe2 c5 9. d5 b5 10. cxb5 a6 11. bxa6 Nxa6 12. f3 Qa5 13. O-O Rfb8 14. Qa4
Qxa4 15. Nxa4 Nb4 16. Nec3 Nd7 17. Rd1 Ne5 18. Kf1 Ned3 19. Ke2 c4 20. g3 Nc2
21. Rb1 Rb4 22. b3 Nxc1+ 23. Rdxc1 Nd4+ 24. Kf2 cxb3 25. axb3 Nxb3 26. Rd1 f5
27. exf5 gxf5 28. Kg2 Kf7 29. Rd3 Nc5 30. Rxb4 Nxd3 31. Rb7 Ra5 32. Rc7 Nb4 33.
Rb7 Nxd5 34. Nxd5 Rxd5 35. Rc7 Rd2+ 36. Kh3 Bd4 37. Kh4 Kg6 38. g4 f4 0-1

[Event "Championnat de France des Jeunes - Cadet"]
[Site "MONTLUCON"]
[Date "2011.04.21"]
[Round "6.3"]
[White "Duboue, Peio"]
[Black "Youssoupov, Moisse"]
[Result "1/2-1/2"]
[WhiteElo "2094"]
[BlackElo "2146"]
[PlyCount "46"]

1. e4 d5 2. exd5 Qxd5 3. Nf3 Bg4 4. Nc3 Qa5 5. Be2 Nc6 6. a3 O-O-O 7. d3 Nf6 8.
Bd2 Qf5 9. Nh4 Qd7 10. Bxg4 Nxg4 11. Nf3 h5 12. Qe2 g6 13. O-O-O Bg7 14. h3 Nh6
15. Nb1 e5 16. Bc3 Rhe8 17. Rhe1 Nd4 18. Bxd4 exd4 19. Qd2 Qd5 20. Rxe8 Rxe8
21. Re1 Re6 22. Rxe6 Qxe6 23. Qe1 Qxe1+ 1/2-1/2

[Event "Championnat de France des Jeunes - Cadet"]
[Site "MONTLUCON"]
[Date "2011.04.21"]
[Round "6.4"]
[White "Song, Julien"]
[Black "Dionisi, Thomas"]
[Result "1-0"]
[WhiteElo "2368"]
[BlackElo "2183"]
[PlyCount "75"]

1. d4 g6 2. c4 Bg7 3. Nf3 d6 4. Nc3 Nd7 5. Bg5 f6 6. Bd2 e5 7. g3 Nh6 8. Bg2
Nf7 9. O-O O-O 10. e4 c6 11. h3 Qe7 12. Be3 f5 13. Re1 Nf6 14. dxe5 dxe5 15.
Qe2 f4 16. gxf4 exf4 17. Bd4 Be6 18. Rad1 Rae8 19. Qd3 Qb4 20. b3 Qa5 21. Ne2
g5 22. Bc3 Qc7 23. Ned4 g4 24. Nxe6 Rxe6 25. Nd4 Ree8 26. hxg4 Nxg4 27. Qh3 Qc8
28. Nf5 Bxc3 29. Qxc3 Nge5 30. Bh3 Qc7 31. Kh1 Kh8 32. Rg1 Rg8 33. Rxg8+ Rxg8
34. Nd6 Rg5 35. Bf5 Kg8 36. Nxf7 Nxf7 37. Qh3 Kg7 38. Qxh7+ 1-0

[Event "Championnat de France des Jeunes - Cadet"]
[Site "MONTLUCON"]
[Date "2011.04.21"]
[Round "6.5"]
[White "Samoun, Florent"]
[Black "Meley, Hector"]
[Result "0-1"]
[WhiteElo "2192"]
[BlackElo "2008"]
[PlyCount "72"]

1. e4 c5 2. Nc3 Nc6 3. g3 g6 4. Bg2 Bg7 5. d3 d6 6. Be3 Rb8 7. Qd2 b5 8. f4 b4
9. Nd1 e6 10. Nf3 Nd4 11. c3 Nxf3+ 12. Bxf3 bxc3 13. bxc3 Ne7 14. d4 Qa5 15.
dxc5 dxc5 16. O-O Ba6 17. Be2 Bxe2 18. Qxe2 O-O 19. Qc4 Rfc8 20. a4 Rc6 21. Ra3
Nc8 22. Qa2 c4 23. Qg2 Rb3 24. e5 Ne7 25. Ra2 Nd5 26. Bd4 Bf8 27. g4 Bc5 28.
Raf2 Bxd4 29. cxd4 Qb6 30. f5 Qxd4 31. Kh1 Rc8 32. fxe6 fxe6 33. Rf7 g5 34. Qc2
Qd3 35. Qf2 Qe4+ 36. Kg1 Nf4 0-1

[Event "Championnat de France des Jeunes - Cadet"]
[Site "MONTLUCON"]
[Date "2011.04.21"]
[Round "6.6"]
[White "Ollier, Milan"]
[Black "Durand, Victor"]
[Result "1/2-1/2"]
[WhiteElo "2138"]
[BlackElo "2002"]
[PlyCount "72"]

1. e4 e5 2. Bc4 Nc6 3. Nc3 Nf6 4. d3 Bc5 5. f4 d6 6. Nf3 Ng4 7. Ng5 exf4 8.
Bxf7+ Kf8 9. Bxf4 Nf2 10. Qf3 Nxh1 11. Bc4 Qf6 12. Nd5 Bf2+ 13. Kf1 Nd4 14. Qh5
Qg6 15. Nxc7 Ke7 16. Qxg6 hxg6 17. Nxa8 Bg4 18. Nf3 Nxc2 19. Rc1 Ne3+ 20. Ke2
Nxc4 21. dxc4 Rxa8 22. Rxh1 Bc5 23. h3 Be6 24. b3 a5 25. a4 Rf8 26. Be3 Bb4 27.
Bg5+ Kd7 28. Nh4 Re8 29. Kd3 Rf8 30. Be3 Bf7 31. Rf1 Bxc4+ 32. Kxc4 Rxf1 33.
Nxg6 Re1 34. Kd3 Rd1+ 35. Kc4 Re1 36. Kd3 Rd1+ 1/2-1/2